书目信息 |
| 题名: |
德国被动房设计和施工指南
|
|
| 作者: | 考夫曼 , 费斯特 著 ;徐智勇 译 | |
| 分册: | ||
| 出版信息: | 北京 中国建筑工业出版社 2015 |
|
| 页数: | 15,143页 | |
| 开本: | 26cm | |
| 丛书名: | ||
| 单 册: | ||
| 中图分类: | TU2 , TU74 | |
| 科图分类: | ||
| 主题词: | 建筑设计 , 建筑工程--工程施工 | |
| 电子资源: | ||
| ISBN: | 978-7-112-18318-0 | |
| 000 | 01137nam0 2200265 450 | |
| 001 | 3326 | |
| 005 | 20160926092429.10 | |
| 010 | @a978-7-112-18318-0@b平装@dCNY68.00 | |
| 100 | @a20151204d2015 em y0chiy50 ea | |
| 101 | 1 | @achi@cger |
| 102 | @aCN@b110000 | |
| 105 | @aa z 000yy | |
| 200 | 1 | @a德国被动房设计和施工指南@9de guo bei dong fang she ji he shi gong zhi nan@f(德)贝特霍尔德·考夫曼,(德)沃尔夫冈·费斯特著@g徐智勇译 |
| 210 | @a北京@c中国建筑工业出版社@d2015 | |
| 215 | @a15,143页@c图@d26cm | |
| 330 | @a本书以德国和欧洲实践经验为基础,从理论和实践角度,对被动房设计和施工技术方案和质量保证作了系统而详尽的介绍,提供了大量细部节点处理图表和实际建筑影像资料。书中许多细部节点处理所针对的建筑结构可能在我国还不很普及,但可以从中学习其理念和精华,洋为中用,研究和开发适合我国建筑结构、气候条件和生活习惯的被动房技术和体系。 | |
| 606 | 0 | @a建筑设计 |
| 606 | 0 | @a建筑工程@x工程施工 |
| 690 | @aTU2@v5 | |
| 690 | @aTU74@v5 | |
| 701 | 0 | @a考夫曼@9kao fu man@c(德)@4著 |
| 701 | 0 | @a费斯特@9fei si te@c(德)@4著 |
| 702 | 0 | @a徐智勇@9xu zhi yong@4译 |
| 801 | 0 | @aCN@b唐山师范学院图书馆@c20151001 |
| 905 | @aZUCC@dTU2@e813 | |
| 德国被动房设计和施工指南/(德)贝特霍尔德·考夫曼,(德)沃尔夫冈·费斯特著/徐智勇译.-北京:中国建筑工业出版社,2015 |
| 15,143页:图;26cm |
| ISBN 978-7-112-18318-0(平装):CNY68.00 |
| 本书以德国和欧洲实践经验为基础,从理论和实践角度,对被动房设计和施工技术方案和质量保证作了系统而详尽的介绍,提供了大量细部节点处理图表和实际建筑影像资料。书中许多细部节点处理所针对的建筑结构可能在我国还不很普及,但可以从中学习其理念和精华,洋为中用,研究和开发适合我国建筑结构、气候条件和生活习惯的被动房技术和体系。 |
| ● |
| 相关链接 |
|
|
|
|
正题名:德国被动房设计和施工指南
索取号:TU2/813
 
预约/预借
| 序号 | 登录号 | 条形码 | 馆藏地/架位号 | 状态 | 备注 |
| 1 | 904482 | 209044826 | 第二样本阅览室/ [索取号:TU2/813] | 在馆 | |
| 2 | 904483 | 209044835 | 第三借阅区/ [索取号:TU2/813] | 在馆 | |
| 3 | 904484 | 209044844 | 第三借阅区/ [索取号:TU2/813] | 在馆 | |
| 4 | 904485 | 209044853 | 第三借阅区/ [索取号:TU2/813] | 在馆 | |
| 5 | 904486 | 209044862 | 第三借阅区/ [索取号:TU2/813] | 在馆 |